Highest Estimated Peak Tornadic Winds (EF Scale) - Statistics

General Stats
  • This quiz has been taken 16 times
    9 since last reset
  • The average score is 13 of 26
Answer Stats
Year State Rating Estimated
Peak
Winds
Answer % Correct
2011 Oklahoma EF5 210mph El Reno - Piedmont
100%
2007 Kansas EF5 205mph Greensburg
100%
2011 Missouri EF5 >200mph Joplin
100%
2013 Oklahoma EF5 210mph Moore
100%
2011 Alabama EF4 190mph Tuscaloosa - Birmingham
100%
2008 Iowa EF5 205mph Parkersburg - New Hartford
80%
2023 Mississippi EF4 195mph Rolling Fork - SIlver City
80%
2011 Alabama EF5 210mph Hackleburg - Phil Campbell
60%
2021 Kentucky EF4 190mph Mayfield
60%
2014 Arkansas EF4 190mph Mayflower - Vilonia
60%
2014 Nebraska EF4 190mph Pilger
60%
2011 Mississippi EF5 205mph Philadelphia
40%
2011 Alabama EF5 >200mph Rainsville
40%
2011 Mississippi EF5 205mph Smithville
40%
2020 Mississippi EF4 190mph Bassfield - Soso
20%
2011 Oklahoma EF4 200mph Bradley - Goldsby
20%
2011 Oklahoma EF4 200mph Chickasha
20%
2011 Alabama EF4 190mph Flat Rock
20%
2010 North Dakota EF4 185mph Holmes
20%
2014 Mississippi EF4 185mph Louisville
20%
2007 Alabama EF4 185mph Millers Ferry
20%
2014 Missouri/Illinois EF4 185mph Perryville
20%
2011 Georgia EF4 190mph Ringgold
20%
2015 Illinois EF4 200mph Rochelle - Fairdale
20%
2013 Kansas EF4 185mph Rozel
20%
2013 Illinois EF4 190mph Washington
20%
No matching quizzes found
Score Distribution
Percent of People with Each Score
Percentile by Number Answered
Your Score History
You have not taken this quiz since the last reset